Un evento al mese - 2017 - Statistics

Statistiche generali
  • Questo quiz è stato fatto 16 volte
  • Il punteggio medio è 5 su 12
Statistiche sulle risposte
Mese Domanda Risposta % Corretto
Agosto Quale isola campana fu colpita da un terremoto di magnitudo 3,9? Ischia
85%
Dicembre A quale paese fu impedito di competere ai Giochi Olimpici invernali del 2018 a seguito di uno scandalo di doping? Russia
77%
Febbraio Chi divenne il primo sovrano inglese a festeggiare il Giubileo di Zaffiro? Elisabetta II
69%
Maggio A Manchester, durante il concerto di quale popstar si verificò un attentato terroristico? Ariana Grande
62%
Ottobre In quale regione spagnola si tenne un referendum sulla propria indipendenza non riconosciuto dal Governo centrale? Catalogna
54%
Giugno In quale piazza di Torino si verificò la tragedia in cui morirono 3 persone a causa del panico e della calca generalizzata causati da spray al peperoncino? Piazza San Carlo
46%
Aprile Quale paese bombardò la base aerea di Shayrat in Siria, in risposta all'attacco chimico di Khan Shaykhun? Stati Uniti d'America
46%
Settembre Nell'atmosfera di quale pianeta si tuffò la sonda Cassini, terminando il suo servizio? Saturno
38%
Gennaio Chi divenne presidente del Parlamento europeo? Antonio Tajani
15%
Marzo L'8 marzo si festeggiarono i 100 anni da quale importante evento storico russo? Rivoluzione di febbraio
15%
Novembre In quale paese vi fu un Colpo di Stato militare contro il presidente Robert Mugabe? Zimbabwe
15%
Luglio Quale città irachena venne dichiarata liberata dallo Stato Islamico il 10 luglio? Mosul
8%
Nessun quiz corrispondente trovato
Distribuzione punteggi
Percentuale di utenti per punteggio
Percentile per numero di risposta
I tuoi punteggi nel tempo
Non hai fatto questo quiz